LEADER 01080nam a2200205 i 4500 001 000000016750 003 CaOOAMICUS 005 20180830125443.0 008 180830s1994 it u000 u ita u 040 $aSeMil$bita 100 1 $aCusson, Gilles,$c.$0(OLS)http://semarc/name/89994 245 10$aAntropologia biblica ed Esercizi Spirituali /$cGilles Cusson. 260 $aNapoli :$bCentro Ignaziano di Spiritualitą,$c1994. 300 $a2 v. ;$c21 cm. 600 04$aIgnazio : di Loyola .$0(OLS)http://semarc/subject/467 773 0 $tAppunti di spiritualitą.$dNapoli : Centro Ignaziano di Spiritualitą, [196-?]$w()9647 774 0 $aCusson, Gilles $t1.$dNapoli : Centro Ignaziano di Spiritualitą, 1994.$kAppunti di spiritualitą$g1$w()155148 774 0 $aCusson, Gilles $t2.$dNapoli : Centro Ignaziano di Spiritualitą, 1994.$kAppunti di spiritualitą$g2$w()155154 996 $6245$aAntropologia biblica ed Esercizi Spirituali$9(OLS)http://semarc/title/22160 996 $6260$aNapoli :$bCentro Ignaziano di Spiritualitą$9(OLS)http://semarc/publisher/32631 LEADER 01110nam a2200253 4500 001 000000353448 003 CaOOAMICUS 005 20230414122353.0 008 230414s2016 gw 000 u ger r 020 $a978-3-451-30779-9 040 $aSeMil$bita 100 1 $aBeutler, Johannes,$c.$0(OLS)http://semarc/name/4477 245 14$aDas Johannesevangelium :$bKommentar /$cJohannes Beutler. 250 $a2., durchgesehene Aufl. 264 1$aFreiburg ; Basel ; Wien :$bHerder,$c2016. 300 $a576 p. ;$c24 cm 504 $aLiteraturverzeichnis, p. 11-45 650 4$aBibbia. Nuovo Testamento. Vangelo secondo Giovanni - Commentari, studi, critica, interpretazioni.$0(OLS)http://semarc/subject/119 850 $aSeMil 852 $aSeMil$W1$xVenegono$y1$m2Y VI 19$j239501$B244656$CSeMilBibl$Z2$F244656 $81 996 $6020$a978-3-451-30779-9$9(OLS)http://semarc/number/297956 996 $6245$aDas Johannesevangelium :$bKommentar$9(OLS)http://semarc/title/443490 996 $6264$aFreiburg ; Basel ; Wien :$bHerder$9(OLS)http://semarc/publisher/29643